Statistics for Top 15 Countries with Covid-19 Cases - 25 August

Click here to take the quiz!

General Stats

  • This quiz has been taken 11 times
  • The average score is 19 of 25

Answer Stats

country% Correct
Brazil
100%
India
100%
Mexico
100%
Russia
100%
United Kingdom
100%
United States
100%
Chile
91%
Chile
91%
Peru
91%
Spain
91%
Bolivia
82%
South Africa
82%
Argentina
73%
Colombia
73%
Iran
73%
Saudi Arabia
73%
Bahrain
64%
Bangladesh
64%
Israel
64%
Qatar
64%
Singapore
55%
Armenia
45%
Kuwait
45%
Oman
45%
Panama
45%

Score Distribution

Percentile by Number Answered

Percent of People with Each Score

Your Score History

You have not taken this quiz